| 000 | 00464nam a2200193Ia 4500 | ||
|---|---|---|---|
| 008 | 170918s9999 xx 000 0 und d | ||
| 020 | _a9781842054130 | ||
| 050 | _bB964 2004 | ||
| 100 | _aBurnett, Frances H. | ||
| 245 | 4 | _aThe secret garden / | |
| 245 | _cFrances Hodgson Burnett. | ||
| 260 | _aNew York : | ||
| 260 | _bScholastic, | ||
| 260 | _c2004 | ||
| 300 | _a222 pages : | ||
| 300 | _bcolored illustration ; | ||
| 300 | _c20cm. | ||
| 500 | _a970 | ||
| 999 |
_c342304 _d342304 |
||